The captain departs; (Record no. 149695)
[ view plain ]
| 000 -LEADER | |
|---|---|
| fixed length control field | 01448nam a2200337Ia 4500 |
| 001 - CONTROL NUMBER | |
| control field | vtls003241366 |
| 003 - CONTROL NUMBER IDENTIFIER | |
| control field | MY-SjTCS |
| 005 - DATE AND TIME OF LATEST TRANSACTION | |
| control field | 20200226115529.0 |
| 006 - FIXED-LENGTH DATA ELEMENTS--ADDITIONAL MATERIAL CHARACTERISTICS | |
| fixed length control field | m u |
| 007 - PHYSICAL DESCRIPTION FIXED FIELD--GENERAL INFORMATION | |
| fixed length control field | cr cn||||||||| |
| 008 - FIXED-LENGTH DATA ELEMENTS--GENERAL INFORMATION | |
| fixed length control field | 121009r20101973ilua sb d 001 0 eng d |
| 020 ## - INTERNATIONAL STANDARD BOOK NUMBER | |
| Canceled/invalid ISBN | 9780809329762 |
| 020 ## - INTERNATIONAL STANDARD BOOK NUMBER | |
| Canceled/invalid ISBN | 9780809386116 |
| 035 ## - SYSTEM CONTROL NUMBER | |
| System control number | (OCoLC)794670713 |
| 035 ## - SYSTEM CONTROL NUMBER | |
| System control number | (CaPaEBR)ebr10575415 |
| 039 #9 - LEVEL OF BIBLIOGRAPHIC CONTROL AND CODING DETAIL [OBSOLETE] | |
| -- | 201210090940 |
| -- | wilmina |
| 040 ## - CATALOGING SOURCE | |
| Original cataloging agency | CaPaEBR |
| Transcribing agency | CaPaEBR |
| 050 14 - LIBRARY OF CONGRESS CALL NUMBER | |
| Classification number | E672 |
| Item number | .P59 2010eb |
| 100 1# - MAIN ENTRY--PERSONAL NAME | |
| Personal name | Pitkin, Thomas M. |
| 245 14 - TITLE STATEMENT | |
| Title | The captain departs; |
| Medium | [electronic resource] : |
| Remainder of title | Ulysses S. Grant's last campaign, / |
| Statement of responsibility, etc. | by Thomas M. Pitkin. With a foreword by John Y. Simon. |
| 260 ## - PUBLICATION, DISTRIBUTION, ETC. | |
| Place of publication, distribution, etc. | Carbondale : |
| Name of publisher, distributor, etc. | Southern Illinois University Press, |
| Date of publication, distribution, etc. | 2010. |
| 300 ## - PHYSICAL DESCRIPTION | |
| Extent | xix, 164 p. : |
| Other physical details | ill. |
| 500 ## - GENERAL NOTE | |
| General note | Reprint. Originally published: 1973. |
| 504 ## - BIBLIOGRAPHY, ETC. NOTE | |
| Bibliography, etc. note | Includes bibliographical references and index. |
| 533 ## - REPRODUCTION NOTE | |
| Type of reproduction | Electronic reproduction. |
| Place of reproduction | Palo Alto, Calif. : |
| Agency responsible for reproduction | ebrary, |
| Date of reproduction | 2011. |
| Note about reproduction | Available via World Wide Web. |
| -- | Access may be limited to ebrary affiliated libraries. |
| 600 10 - SUBJECT ADDED ENTRY--PERSONAL NAME | |
| Personal name | Grant, Ulysses S. |
| Fuller form of name | (Ulysses Simpson), |
| Dates associated with a name | 1822-1885. |
| 650 #0 - SUBJECT ADDED ENTRY--TOPICAL TERM | |
| Topical term or geographic name entry element | Presidents |
| Geographic subdivision | United States |
| Form subdivision | Biography. |
| 9 (RLIN) | 12635 |
| 655 #7 - INDEX TERM--GENRE/FORM | |
| Genre/form data or focus term | Electronic books. |
| Source of term | local |
| 710 2# - ADDED ENTRY--CORPORATE NAME | |
| Corporate name or jurisdiction name as entry element | ebrary, Inc. |
| 9 (RLIN) | 25628 |
| 856 40 - ELECTRONIC LOCATION AND ACCESS | |
| Uniform Resource Identifier | https://ezproxy.taylors.edu.my/login?url=http://site.ebrary.com/lib/taylorscollege/Doc?id=10575415 |
| Public note | An electronic book accessible through the World Wide Web; click to view |
| Withdrawn status | Lost status | Damaged status | Not for loan | Home library | Current library | Date acquired | Total Checkouts | Date last seen | Price effective from | Koha item type |
|---|---|---|---|---|---|---|---|---|---|---|
| e-book | Taylor's Library-TU | Taylor's Library-TU | 02/03/2026 | 02/03/2026 | 02/03/2026 | E-Book |